[Event "GER-chT Christmas U16 Lasker"]
[Site "Playchess.com INT"]
[Date "2020.12.28"]
[Round "6.4"]
[White "Rosin, Thore"]
[Black "Golubev, Egor"]
[Result "0-1"]
[WhiteElo "1517"]
[BlackElo "1589"]
[PlyCount "46"]
[EventDate "2020.12.28"]
[EventType "team-swiss (blitz)"]
[EventRounds "7"]
[EventCountry "GER"]
[SourceTitle "CBM 200 Extra"]
[Source "ChessBase"]
[SourceDate "2021.03.31"]
[SourceVersion "1"]
[SourceVersionDate "2021.03.31"]
[SourceQuality "1"]
[WhiteTeam "Luebeck II"]
[BlackTeam "Bischofswerda"]
[WhiteTeamCountry "GER"]
[BlackTeamCountry "GER"]

1. e4 c5 2. Bc4 e6 3. c3 a6 4. d3 b5 5. Bb3 Qc7 6. Nd2 Nc6 7. Ngf3 Nge7 8. Nf1 g6 9. Ng3 Bg7 10. 0-0 0-0 11. Re1 Bb7 12. Bc2 d5 13. h3 Rad8 14. a3 d4 15. Bg5 dxc3 16. bxc3 Bxc3 17. Bxe7 Nxe7 18. Rb1 Bxe1 19. Qxe1 Nc6 20. e5 Nd4 21. Nxd4 Rxd4 22. Ne2 Qc6 23. Nxd4 Qxg2# 0-1

[Event "Novokuznetsk SFO-ch U15"]
[Site "Novokuznetsk"]
[Date "2014.11.09"]
[Round "8"]
[White "Yan Kin, Alexandr"]
[Black "Golubev, Egor"]
[Result "0-1"]
[WhiteElo "700"]
[BlackElo "1422"]
[PlyCount "72"]
[EventDate "2014.11.02"]
[EventType "swiss"]
[EventRounds "9"]
[EventCountry "RUS"]
[SourceTitle "CBM 163 Extra"]
[Source "ChessBase"]
[SourceDate "2014.12.23"]
[SourceVersion "1"]
[SourceVersionDate "2014.12.23"]
[SourceQuality "1"]

1. d4 Nf6 2. c4 e6 3. Nc3 Bb4 4. Bd2 c5 5. a3 Bxc3 6. Bxc3 cxd4 7. Bxd4 Nc6 8. Bc3 b6 9. e3 Bb7 10. Nf3 0-0 11. Be2 Rc8 12. 0-0 Ne7 13. Qd3 Be4 14. Qd2 Bxf3 15. Bxf3 Rxc4 16. Qd3 d5 17. Bd1 Ng6 18. Bb3 Rh4 19. g3 Rh6 20. Bd2 Ne7 21. e4 Rg6 22. e5 Ne4 23. Bf4 Nc5 24. Qc3 Nxb3 25. Qxb3 f6 26. Qf3 fxe5 27. h4 exf4 28. h5 Rgf6 29. gxf4 Rxf4 30. Qg3 Nc6 31. Kh1 Rh4+ 32. Kg2 Rxh5 33. f4 Rh6 34. Kf2 Rg6 35. Qc3 Rxf4+ 36. Ke3 d4+ 0-1

[Event "Novokuznetsk SFO-ch U15"]
[Site "Novokuznetsk"]
[Date "2014.11.07"]
[Round "6"]
[White "Lebedev, Daniil"]
[Black "Golubev, Egor"]
[Result "1-0"]
[WhiteElo "700"]
[BlackElo "1422"]
[PlyCount "25"]
[EventDate "2014.11.02"]
[EventType "swiss"]
[EventRounds "9"]
[EventCountry "RUS"]
[SourceTitle "CBM 163 Extra"]
[Source "ChessBase"]
[SourceDate "2014.12.23"]
[SourceVersion "1"]
[SourceVersionDate "2014.12.23"]
[SourceQuality "1"]

1. e4 c5 2. c3 Nc6 3. d4 cxd4 4. cxd4 e6 5. Nf3 g6 6. Nc3 Bg7 7. e5 f6 8. Bf4 b6 9. Ne4 Kf8 10. Nd6 Nh6 11. exf6 Qxf6 12. Bg5 Qf5 13. Nxf5 1-0

[Event "Novokuznetsk SFO-ch U15"]
[Site "Novokuznetsk"]
[Date "2014.11.02"]
[Round "1"]
[White "Golubev, Egor"]
[Black "Bazhenov, Aleksandr Ivanovich"]
[Result "0-1"]
[WhiteElo "1422"]
[BlackElo "1902"]
[PlyCount "62"]
[EventDate "2014.11.02"]
[EventType "swiss"]
[EventRounds "9"]
[EventCountry "RUS"]
[SourceTitle "CBM 163 Extra"]
[Source "ChessBase"]
[SourceDate "2014.12.23"]
[SourceVersion "1"]
[SourceVersionDate "2014.12.23"]
[SourceQuality "1"]

1. e4 c5 2. Nf3 Nc6 3. d4 cxd4 4. Nxd4 Qb6 5. Nxc6 bxc6 6. Nc3 e5 7. Bc4 Nf6 8. 0-0 Be7 9. b3 0-0 10. Bb2 Bb7 11. Qf3 Rad8 12. Rad1 Qa5 13. Rfe1 Ba8 14. Qg3 Rfe8 15. Na4 Bf8 16. Bc3 Qc7 17. Nb2 d6 18. f4 Nh5 19. Qg4 Nxf4 20. Rf1 d5 21. exd5 cxd5 22. Bb5 Qxc3 23. Bxe8 Rxe8 24. Nd3 Nxd3 25. Rxd3 Qxc2 26. Rdf3 Qg6 27. Qd7 f6 28. Qxa7 Qf7 29. Qa5 d4 30. Rd3 Qd5 31. Qa4 Qxg2# 0-1